000 01708nam0a2200325 4500
001 RU\NLR\bibl\498166
005 20250623201018.0
010 _a5-88015-163-8
_9100
021 _aRU
_b2003-73438
_93638
035 _a(NLR Aleph) 000490785
090 _a1112234
_c1112234
100 _a20040309d2003 |||y0rusy50 ca
101 0 _arus
102 _aRU
105 _aa |||||||||
200 1 _aОрганизация предпринимательской деятельности
_eУчеб. пособие
_fГ.Н. Закинчак, Е.Г. Лаптева
_gМ-во образования Рос. Федерации, Гос. образоват. учреждение высш. проф. образования "Иван. гос. архитектур.-строит. акад."
210 _aИваново
_cИван. гос. архитектур.-строит. акад.
_d2003
215 _a95 с.
_cил.
_d20
320 _aБиблиогр.: с. 95
606 0 _aПредпринимательство
_jРуководства, пособия и т.п. для высшей школы
_yРоссийская Федерация
_92073455
_3RU\NLR\auth\661248355
606 0 _aПредпринимательство
_jУчебные издания для высших учебных заведений
_yРоссийская Федерация
_92073455
_3RU\NLR\auth\661248355
686 _aУ9(2)-13(2Р)я73
700 1 _aЗакинчак
_bГ. Н.
_gГалина Николаевна
_4070
701 1 _aЛаптева
_bЕ. Г.
_gЕлена Геннадьевна
_4070
801 0 _aRU
_bNLR
_c20040309
_gPSBO
801 1 _aRU
_bNLR
_c20040309
942 _cBOOK
980 _aNB